00233nam a2200085Ia 450000100070000000500170000700800410002424500530006526000290011868139420250826161359.0250824s9999 xx 000 0 und d 0aKÖMÜR KARASI ÇOCUKcMÜGE İPLİKÇİ bGÜNIŞIĞI YAYINLARI